| 000 | 00505nam a22001697a 4500 | ||
|---|---|---|---|
| 008 | 150414b xxu||||| |||| 00| 0 eng d | ||
| 020 | _a9780071780360 | ||
| 041 | 0 | _aeng | |
| 080 | _a159.9 | ||
| 100 | _aLedwith, Kate C. | ||
| 245 | 1 | 0 |
_aMcgraw-hill's 500 psychology questions : _cKate C. Ledwith. |
| 246 | 3 | _aMcgraw-hill's five hundred psychology questions | |
| 260 |
_aNew York : _bMcGraw-Hill, _c2012. |
||
| 300 |
_a181 f.: _c23 cm. |
||
| 650 | 0 | _aPsikologji | |
| 942 |
_2udc _cBK |
||
| 999 |
_c689 _d689 |
||